000 00292nam a22001337a 4500
008 170601b xxu||||| |||| 00| 0 eng d
020 _a9780314092441
041 _aeng
080 _26TH
_a94
100 _a17
101 _aSHH
245 _aJUVENILE DELINQUENCY
_cSIEGEL,L
942 _2udc
_cBK
999 _c15369
_d15369